Derecho público provincial /
Guardado en:
| Autor Principal: | |
|---|---|
| Otros Autores: | |
| Formato: | Libro |
| Idioma: | Spanish |
| Publicado: |
Buenos Aires :
La Ley; Departamento de publicaciones UBA,
2007.
|
| Edición: | 1a. ed. |
| Materias: | |
| Etiquetas: |
Agregar Etiqueta
Sin Etiquetas, Sea el primero en etiquetar este registro!
|
| LEADER | 00679nam a22002055a 4500 | ||
|---|---|---|---|
| 001 | DER.der004779 | ||
| 008 | 180615s2007####ag#||||||||||||||#||spa|| | ||
| 005 | 20231201091203.0 | ||
| 245 | 1 | 0 | |a Derecho público provincial / |c Juan Bautista Alberdi. |
| 250 | |a 1a. ed. | ||
| 260 | |a Buenos Aires : |b La Ley; Departamento de publicaciones UBA, |c 2007. | ||
| 300 | |a 103 p. | ||
| 020 | |a 9789870311034 | ||
| 100 | 1 | |a Alberdi, Juan Bautista. | |
| 700 | 1 | |a Dalla Via, Alberto Ricardo, |e prol. | |
| 650 | 7 | |a DERECHO ADMINISTRATIVO | |
| 650 | 7 | |a DERECHO CONSTITUCIONAL | |
| 650 | 7 | |a ADMINISTRACION DE HACIENDA | |
| 650 | 7 | |a REGISTROS PUBLICOS DEL GOBIERNO | |
| 859 | |a DERECHO |b BIB. DERECHO |h 342 |i ALB |p 005445 | ||
